01174nam a2200277 a 450000100100000000500170001000800410002704000250006808200150009310000460010824500830015426000320023730000200026949000430028950000630033250400400039565000240043565000360045965000470049565000460054283000500058804900090063895201130064795201190076099900170087900001705920200929165019.0100317s2002 dr 001 0 spa d aDO-SdBNPbspacBNPHU a411bA347a1 aAlcántara Crisóstomo, Emeterio93763610aAspectos ortográficos y de redacción /cEmeterio Alcántara Crisóstomo. aSanto Domingo :bVM,c2002. a99 p. ;c27 cm.1 aManual para mejorar la ortografíav2 aIncluye datos biográficos del autor en la contracubierta aIncluye bibliografía (p. ¨[100]) 4aOrtografía928068 4aOrtografíaxEnseñanza99599 4aEspañolxOrtografíaxEnseñanza91228 4aEspañolxEjercicios de redacción9522 0aManual para mejorar la ortografíav2937637 aBNPD 0010718PDaPDbPDcCTd2010-03-17iLF1l0o411 A347ap17059-10r2020-06-25w2020-06-25yLFPDZNo se presta 0010718PDaPDbPDcCTd2010-03-17iLF1l0o411 A347ap17059-20r2020-06-25te. 2w2020-06-25yLFPDZNo se presta c16585d16585